Republikanische Präsidenten - Sudden Death - Statistiken

Allgemein
  • Dieses Quiz wurde 294 mal gespielt
  • Das Durchschnittsergebnis liegt bei 6 aus 19
Answers on the Grid
Answers color-coded by a green-red scale on the quiz's grid according to % correct below.
George Washington
John Adams
Thomas Jefferson
James Madison
James Monroe
John Quincy Adams
Andrew Jackson
Martin Van Buren
William Henry Harrison
John Tyler
James K. Polk
Zachary Taylor
Millard Fillmore
Franklin Pierce
James Buchanan
Abraham Lincoln
Andrew Johnson
Ulysses S. Grant
Rutherford B. Hayes
James A. Garfield
Chester A. Arthur
Grover Cleveland
Benjamin Harrison
William McKinley
Theodore Roosevelt
William Howard Taft
Woodrow Wilson
Warren G. Harding
Calvin Coolidge
Herbert Hoover
Franklin D. Roosevelt
Harry S. Truman
Dwight D. Eisenhower
John F. Kennedy
Lyndon B. Johnson
Richard Nixon
Gerald Ford
Jimmy Carter
Ronald Reagan
George H. W. Bush
Bill Clinton
George W. Bush
Barack Obama
Donald Trump
Joe Biden
 
Antwortstatistiken
Antwort % Korrekt
Donald Trump
85%
George H. W. Bush
71%
George W. Bush
71%
Ronald Reagan
62%
Richard Nixon
52%
Dwight D. Eisenhower
40%
Gerald Ford
37%
Abraham Lincoln
34%
Theodore Roosevelt
23%
Herbert Hoover
22%
Ulysses S. Grant
19%
William Howard Taft
19%
William McKinley
16%
James A. Garfield
15%
Calvin Coolidge
14%
Chester A. Arthur
14%
Rutherford B. Hayes
12%
Warren G. Harding
12%
Benjamin Harrison
10%
Keine übereinstimmenden Quizze gefunden
Verteilung der Resultate
Anzahl Personen mit jedem Resultat
Perzentil nach korrekt beantworteten Fragen
Ihre Resultats-Entwicklung
Sie haben dieses Quiz noch nicht gespielt